Các mạch điện tử kỹ thuật số hiện đại

محفوظ في:
التفاصيل البيبلوغرافية
المؤلف الرئيسي: Nguyễn Minh Đức
التنسيق: كتاب
اللغة:Undetermined
منشور في: Tp. Hồ Chí Minh Tổng hợp Tp. Hồ Chí Minh 2004
الموضوعات:
الوسوم: إضافة وسم
لا توجد وسوم, كن أول من يضع وسما على هذه التسجيلة!
Thư viện lưu trữ: Trung tâm Học liệu Trường Đại học Cần Thơ
LEADER 00587nam a2200193Ia 4500
001 CTU_87471
008 210402s9999 xx 000 0 und d
020 |c 16000 
082 |a 621.38152 
082 |b Đ552 
100 |a Nguyễn Minh Đức 
245 0 |a Các mạch điện tử kỹ thuật số hiện đại 
245 0 |c Nguyễn Minh Đức 
260 |a Tp. Hồ Chí Minh 
260 |b Tổng hợp Tp. Hồ Chí Minh 
260 |c 2004 
650 |a semiconductors 
904 |i Năm 
980 |a Trung tâm Học liệu Trường Đại học Cần Thơ